|
|
|
|
| LEADER |
01797nam a2200445 a 4500 |
| 001 |
nkc20061663491 |
| 003 |
CZ PrNK |
| 005 |
20061121083912.0 |
| 007 |
ta |
| 008 |
060718s2006 xr e p 000 0 ger |
| 015 |
|
|
|a cnb001663491
|
| 020 |
|
|
|a 80-244-1199-7
|q (brož.) :
|c neprodejné
|
| 035 |
|
|
|a (OCoLC)85703877
|
| 040 |
|
|
|a BOA001
|b cze
|d ABA001
|
| 072 |
|
7 |
|a 81
|x Lingvistika. Jazyky
|2 Konspekt
|9 11
|
| 072 |
|
7 |
|a 37.016
|x Učební osnovy. Vyučovací předměty. Učebnice
|2 Konspekt
|9 22
|
| 080 |
|
|
|a 81'42
|2 MRF
|
| 080 |
|
|
|a (075.8)
|2 MRF
|
| 100 |
1 |
|
|a Dubová, Jarmila,
|d 1960-
|7 xx0018945
|4 aut
|
| 245 |
1 |
0 |
|a Einführung in die Textlingvistik [i.e. Textlinguistik] :
|b Materialien für das Fernstudium /
|c Jarmila Dubová, Martina Pallová
|
| 250 |
|
|
|a 1. vyd.
|
| 260 |
|
|
|a Olomouc :
|b Univerzita Palackého v Olomouci,
|c 2006
|
| 300 |
|
|
|a 41 s. ;
|c 29 cm
|
| 490 |
1 |
|
|a Texty k distančnímu vzdělávání v rámci kombinovaného studia
|
| 500 |
|
|
|a Český úvod a tiráž
|
| 500 |
|
|
|a Nad názvem: Univerzita Palackého v Olomouci, Pedagogická fakulta
|
| 504 |
|
|
|a Obsahuje bibliografii
|
| 521 |
8 |
|
|a Určeno studentům učitelství německého jazyka
|
| 650 |
0 |
7 |
|a textová lingvistika
|7 ph126630
|2 czenas
|
| 650 |
0 |
9 |
|a text linguistics
|2 eczenas
|
| 655 |
|
7 |
|a učebnice vysokých škol
|7 fd133772
|2 czenas
|
| 655 |
|
9 |
|a textbooks (higher)
|2 eczenas
|
| 700 |
1 |
|
|a Pallová, Marta,
|d 1971-
|7 mzk2004261038
|4 aut
|
| 710 |
2 |
|
|a Univerzita Palackého.
|b Pedagogická fakulta
|7 kn20010709375
|
| 830 |
|
0 |
|a Texty k distančnímu vzdělávání v rámci kombinovaného studia
|0 s
|
| 910 |
2 |
|
|a BOA001
|b 3-1174.431
|
| 990 |
|
|
|a BK
|
| 995 |
|
|
|a 01
|
| 991 |
|
|
|b 200609
|c NOV
|
| 996 |
6 |
|
|b 2610290183
|c 3-1174.431
|l MZK
|r Sklad / do 1 hodiny
|n 9
|p p.v.
|w 000825808
|u 000010
|a 1
|e BOA001
|j MZK50
|s P
|